[Event "Olympiad Women-44"]
[Site "Chennai"]
[Date "2022.07.31"]
[Round "3.3"]
[White "Curwin, Nickaylah"]
[Black "Hng, Mei Xian Eunice"]
[Result "0-1"]
[WhiteElo "1499"]
[BlackElo "1823"]
[PlyCount "123"]
[EventDate "2022.07.29"]
[EventType "team-swiss"]
[EventRounds "11"]
[EventCountry "IND"]
[SourceTitle "CBM 210"]
[Source "ChessBase"]
[SourceDate "2022.10.31"]
[SourceVersion "1"]
[SourceVersionDate "2022.10.31"]
[SourceQuality "1"]
[WhiteTeam "Jamaica (W)"]
[BlackTeam "Singapore (W)"]
[WhiteTeamCountry "JAM"]
[BlackTeamCountry "SIN"]

1. d4 Nf6 2. Bf4 e6 3. Nf3 c5 4. e3 Qb6 5. Qc1 Nc6 6. c3 Be7 7. h3 0-0 8. Nbd2 cxd4 9. exd4 Nd5 10. Bg3 d6 11. Bd3 h6 12. 0-0 Qd8 13. Re1 Nf6 14. Qc2 b6 15. Ne4 Bb7 16. Qe2 Qd7 17. Nxf6+ Bxf6 18. Qe4 g6 19. Qf4 Bg7 20. Qxd6 Qxd6 21. Bxd6 Rfd8 22. Bg3 Rac8 23. Rad1 Na5 24. Ne5 Bd5 25. Ba6 Bxe5 26. Bxe5 Rc6 27. Bb5 Rcc8 28. Bf6 Rf8 29. Be7 Bxa2 30. Bxf8 Kxf8 31. b4 Bc4 32. bxa5 Bxb5 33. axb6 axb6 34. Rb1 Bd3 35. Rxb6 Rxc3 36. Rb8+ Kg7 37. Rb7 Rc6 38. Ra1 Be4 39. Rd7 Rc8 40. Raa7 Rf8 41. f3 Bc6 42. Rdc7 Bd5 43. Kf2 g5 44. Ke3 h5 45. g3 Kg6 46. h4 gxh4 47. gxh4 Kf6 48. Kf4 Bb3 49. Ra5 Rd8 50. Rxh5 Rxd4+ 51. Ke3 Ra4 52. Rh7 e5 53. Rc6+ Be6 54. Rh6+ Kf5 55. Rh5+ Kg6 56. Rxe6+ Kxh5 57. Rxe5+ Kxh4 58. Re4+ Rxe4+ 59. Kxe4 Kg3 60. f4 Kg4 61. Ke5 f5 62. Kd4 0-1

[Event "Online Olym Div3 D"]
[Site "Chess.com INT"]
[Date "2020.08.08"]
[Round "6.2"]
[White "Morales Santos, Natasha"]
[Black "Curwin, Nickaylah"]
[Result "1-0"]
[WhiteElo "1949"]
[BlackElo "1509"]
[PlyCount "117"]
[EventDate "2020.08.07"]
[EventType "team-tourn (rapid)"]
[EventRounds "9"]
[EventCountry "USA"]
[SourceTitle "CBM 198"]
[Source "ChessBase"]
[SourceDate "2020.10.31"]
[SourceVersion "1"]
[SourceVersionDate "2020.10.31"]
[SourceQuality "1"]
[WhiteTeam "Puerto Rico"]
[BlackTeam "Jamaica"]
[WhiteTeamCountry "PUR"]
[BlackTeamCountry "JAM"]

1. d4 d5 2. c4 c6 3. Nc3 e6 4. Nf3 f5 5. Bf4 Nf6 6. e3 Bd6 7. Bxd6 Qxd6 8. Ne5 Nbd7 9. f4 0-0 10. Bd3 Ne4 11. 0-0 Qe7 12. Qe2 Nxe5 13. fxe5 Bd7 14. Bxe4 fxe4 15. Rxf8+ Rxf8 16. Rf1 Qg5 17. Rxf8+ Kxf8 18. Qf2+ Ke7 19. c5 Qg4 20. Ne2 Be8 21. h3 Qh5 22. Kf1 h6 23. Ke1 Qf7 24. Nf4 g5 25. Ne2 Qf5 26. Ng3 Qxf2+ 27. Kxf2 Kd7 28. Nf1 Kc7 29. Kg3 h5 30. h4 gxh4+ 31. Kxh4 b6 32. b4 a5 33. a3 Kb7 34. Ng3 Ka6 35. Nxh5 bxc5 36. bxc5 Kb5 37. Nf6 Bf7 38. Nd7 Ka4 39. Kg5 Kxa3 40. g4 a4 41. Kf6 Kb2 42. Kxf7 a3 43. g5 a2 44. g6 a1Q 45. g7 Qf1+ 46. Nf6 Qg2 47. g8Q Qf3 48. Qg5 Kc3 49. Kxe6 Kd3 50. Ng4 Qf8 51. Qf4 Qe8+ 52. Kd6 Qc8 53. e6 Kc4 54. e7 Qb8+ 55. Kd7 Qb7+ 56. Ke6 Qc8+ 57. Kf7 Qd7 58. Nf6 Qb7 59. Kf8 1-0

[Event "Online Olym Div4 E"]
[Site "Chess.com INT"]
[Date "2020.08.01"]
[Round "6.4"]
[White "Persaud, Yolander"]
[Black "Curwin, Nickaylah"]
[Result "0-1"]
[WhiteElo "1109"]
[BlackElo "1509"]
[PlyCount "52"]
[EventDate "2020.07.31"]
[EventType "team-tourn (rapid)"]
[EventRounds "9"]
[EventCountry "USA"]
[SourceTitle "CBM 198"]
[Source "ChessBase"]
[SourceDate "2020.10.31"]
[SourceVersion "1"]
[SourceVersionDate "2020.10.31"]
[SourceQuality "1"]
[WhiteTeam "Guyana"]
[BlackTeam "Jamaica"]
[WhiteTeamCountry "GUY"]
[BlackTeamCountry "JAM"]

1. d4 d5 2. Bf4 c6 3. e3 e6 4. Nf3 f5 5. Nbd2 Bd6 6. Ne5 Nf6 7. c3 0-0 8. Be2 Qe7 9. 0-0 Nbd7 10. h3 Ne4 11. Nxe4 fxe4 12. a4 Nf6 13. a5 Bd7 14. a6 b6 15. Nxd7 Nxd7 16. Bxd6 Qxd6 17. Bg4 Nf6 18. f4 exf3 19. Rxf3 Nxg4 20. Rxf8+ Rxf8 21. Qxg4 Qe7 22. Rf1 Rxf1+ 23. Kxf1 Qf6+ 24. Ke2 g6 25. Qg3 Qe7 26. Qf4 c5 0-1

[Event "Online Olym Div4 E"]
[Site "Chess.com INT"]
[Date "2020.07.31"]
[Round "2.5"]
[White "Curwin, Nickaylah"]
[Black "Ferrufino, Michelle"]
[Result "0-1"]
[WhiteElo "1509"]
[BlackElo "1822"]
[PlyCount "92"]
[EventDate "2020.07.31"]
[EventType "team-tourn (rapid)"]
[EventRounds "9"]
[EventCountry "USA"]
[SourceTitle "CBM 198"]
[Source "ChessBase"]
[SourceDate "2020.10.31"]
[SourceVersion "1"]
[SourceVersionDate "2020.10.31"]
[SourceQuality "1"]
[WhiteTeam "Jamaica"]
[BlackTeam "Nicaragua"]
[WhiteTeamCountry "JAM"]
[BlackTeamCountry "NCA"]

1. d4 d5 2. Bf4 f5 3. Nf3 Nf6 4. e3 e6 5. Nbd2 Be7 6. Bd3 0-0 7. 0-0 c6 8. c4 Ne4 9. cxd5 exd5 10. Ne5 Nd7 11. Ndf3 Ndf6 12. Rc1 Nh5 13. Bg3 Nhxg3 14. fxg3 Bd6 15. Qe2 Be6 16. Bb1 Qe7 17. a3 a5 18. Qc2 Rf6 19. Nd3 Rh6 20. Nfe5 Qg5 21. Qe2 Rf8 22. Nf4 Bc8 23. Bxe4 fxe4 24. Qe1 Bxe5 25. dxe5 Qxe5 26. Qxa5 Qxb2 27. Qc5 Rhf6 28. Rc2 Qe5 29. Rcf2 g5 30. Ne2 Rxf2 31. Rxf2 Qa1+ 32. Qc1 Qxc1+ 33. Nxc1 Rxf2 34. Kxf2 Kf7 35. Nb3 b6 36. h3 Kf6 37. Ke2 Ke5 38. Nd4 Bd7 39. Kf2 c5 40. Ne2 d4 41. exd4+ cxd4 42. Nc1 e3+ 43. Ke1 Ke4 44. Ne2 Bb5 45. Nc1 Bc4 46. g4 d3 0-1

[Event "Central America Carribean-ch U20"]
[Site "Couva"]
[Date "2019.12.17"]
[Round "8"]
[White "Ramsumair, Daenon"]
[Black "Curwin, Nickaylah"]
[Result "0-1"]
[WhiteElo "1730"]
[BlackElo "1547"]
[PlyCount "82"]
[EventDate "2019.12.13"]
[EventType "swiss"]
[EventRounds "9"]
[EventCountry "TRI"]
[SourceTitle "CBM 193 Extra"]
[Source "ChessBase"]
[SourceDate "2020.01.31"]
[SourceVersion "1"]
[SourceVersionDate "2020.01.31"]
[SourceQuality "1"]

1. e4 e6 2. d4 d5 3. Nc3 Bb4 4. e5 c5 5. a3 Bxc3+ 6. bxc3 Nc6 7. h4 Nge7 8. h5 Bd7 9. Qg4 Rg8 10. Bd3 f5 11. exf6 gxf6 12. Qh4 f5 13. Bg5 cxd4 14. cxd4 Qa5+ 15. Kf1 Qc3 16. Ra2 Rg7 17. Ne2 Qa5 18. h6 Rg8 19. Nf4 Ng6 20. Qh5 Nxd4 21. Rh3 e5 22. Re3 e4 23. Bf6 Ne6 24. Nxg6 Rxg6 25. Qxf5 exd3 26. Rxe6+ Bxe6 27. Qxe6+ Kf8 28. Qe7+ Kg8 29. Qe6+ Kf8 30. Qe7+ Kg8 31. Qe6+ Kf8 32. Qd6+ Kf7 33. Qe7+ Kg8 34. cxd3 Qa6 35. Kg1 Qxf6 36. Qxb7 Qc6 37. Qb2 Rxh6 38. Qd2 Rc8 39. Qg5+ Rg6 40. Qf5 Qc1+ 41. Kh2 Qh6+ 0-1

[Event "Central America Carribean-ch U20"]
[Site "Couva"]
[Date "2019.12.13"]
[Round "1"]
[White "Curwin, Nickaylah"]
[Black "Ramoutar, Alan Safar"]
[Result "0-1"]
[WhiteElo "1547"]
[BlackElo "2289"]
[PlyCount "124"]
[EventDate "2019.12.13"]
[EventType "swiss"]
[EventRounds "9"]
[EventCountry "TRI"]
[SourceTitle "CBM 193 Extra"]
[Source "ChessBase"]
[SourceDate "2020.01.31"]
[SourceVersion "1"]
[SourceVersionDate "2020.01.31"]
[SourceQuality "1"]

1. d4 Nf6 2. Bf4 b6 3. e3 Bb7 4. Nf3 g6 5. Be2 Bg7 6. Nbd2 0-0 7. c3 d6 8. 0-0 Nbd7 9. h3 Re8 10. Qc2 e5 11. dxe5 dxe5 12. Bg5 Qe7 13. Rad1 a6 14. Nh2 h6 15. Bh4 Qf8 16. Ng4 Nd5 17. Bf3 f5 18. Bxd5+ Bxd5 19. e4 Be6 20. exf5 gxf5 21. Ne3 f4 22. Ng4 h5 23. Nh2 Bf5 24. Ne4 Nc5 25. f3 Qf7 26. b4 Nxe4 27. fxe4 Be6 28. Rd2 a5 29. b5 Bc4 30. Rb1 a4 31. Rb4 Bf8 32. Rxa4 Bxb5 33. Rxa8 Rxa8 34. Nf3 Bd6 35. Ng5 Qc4 36. Qd1 Be8 37. Qb3 Qxb3 38. axb3 Ra1+ 39. Kh2 Rb1 40. b4 Rc1 41. Rd3 Bb5 42. Rf3 Be2 43. Rf2 Bc4 44. Rf3 Be7 45. g3 Rc2+ 46. Kg1 Be2 47. Rf2 fxg3 48. Bxg3 Bxg5 49. Kh2 Bd3 50. Rxc2 Bxc2 51. Bxe5 Bd8 52. Kg3 Bxe4 53. c4 Kf7 54. c5 bxc5 55. bxc5 Ke6 56. Bf4 Kd5 57. Be3 Be7 58. Kf4 Bc2 59. Bd2 Bxc5 60. Kg5 Bd1 61. Bf4 Bd6 62. Bc1 c5 0-1